000 00515nam a2200169 4500
001 144957
003 ES-MaACL
005 20230906201132.0
007 t|
008 070214q1948 sp r ||||1| spa d
100 1 _aSmith, James W.
_9106893
245 1 0 _aBarnices, pinturas y esmaltes celulósicos
_b: fabricación y aplicaciones /
_cpor James W. Smith.
250 _a4ª ed.
260 _aBarcelona :
_bAntonio Roch,
_c[1948?] (
_fHorta)
300 _a213 p. ;
_c22 cm.
852 _aES-MaACL
_jB-12759
_bR.27023
999 _c144957
_d144957